| 000 | 00829nam a22001937a 4500 | ||
|---|---|---|---|
| 999 |
_c62289 _d62289 |
||
| 005 | 20240916170417.0 | ||
| 008 | 240916s2024 enk||||| |||| 00| 0 eng d | ||
| 020 | _a9780443130472x | ||
| 080 | _a616.3 G-24 | ||
| 245 |
_aGastrointestinal Bleeding : _bGastrointestinal Endoscopy Clinics of North America / _cEditor by Patrick Pfau. |
||
| 264 |
_aPhiladelphia : _bElsevier, _c2024. |
||
| 300 |
_a382 p.: _bill.; _c24 cm. |
||
| 653 | _aკუჭ-ნაწლავის სისხლდენა | ||
| 653 | _aკუჭ-ნაწლავის ენდოსკოპიური კლინიკების საკითხი | ||
| 653 | _aმედიცინა | ||
| 653 | _aგასტროენტეროლოგია | ||
| 700 |
_aPfau, Patrick _eრედაქტორი _923234 |
||
| 942 |
_2udc _cBK |
||